| 000 | 01434nam a22003015i 4500 | ||
|---|---|---|---|
| 999 |
_c28190 _d28161 |
||
| 003 | EG-ScBUE | ||
| 005 | 20200303094131.0 | ||
| 008 | 200219s2016 ua f b 000 0 ara d | ||
| 017 | _a2016 / 4396 | ||
| 020 | _a9789777611701 | ||
| 020 | _a9789777611718 | ||
| 040 |
_aEG-ScBUE _bara _erda _cEG-ScBUE _dEG-ScBUE |
||
| 082 | 0 | 4 |
_a345.025 _bح س ي _222 |
| 100 | 1 |
_aحسين، حمدي محمد محمود، _eمؤلف. |
|
| 245 | 1 | 2 |
_aالمسئولية الجنائية عن جريمة الاتجار بالبشر والجرائم الملحقة بها في ضوء التشريعات المقارنة / _cالدكتور حمدي محمد محمود حسين، أستاذ القانون الجنائي المشارك، كلية الحقوق والمعهد العالي للقضاء، سلطنة عمان. |
| 250 | _aالطبعة الأولى. | ||
| 264 | 1 |
_aالقاهرة : _bالمركز القومي للإصدارات القانونية، _aالرياض : _bمكتبة المعرفة الرقمية، _c2016. |
|
| 300 |
_a153 صفحة ؛ _c24 سم |
||
| 336 |
_aنص _btxt _2rdacontent |
||
| 337 |
_aبدون وسيط _bn _2rdamedia |
||
| 338 |
_aمجلد _bnc _2rdacarrier |
||
| 504 | _aيشتمل على إرجاعات ببليوجرافية. | ||
| 541 | _aBook Fair, 2020 | ||
| 650 | 7 |
_aالإتجار بالبشر _xقوانين وتشريعات. _2BUEsh |
|
| 651 | _2BUEsh | ||
| 653 |
_bLLAAWW _cMarch2020 |
||
| 942 | _2ddc | ||